Science and religion in India: Beyond disenchantment (Record no. 1400102)

MARC details
000 -LEADER
fixed length control field 00645nam a2200217Ia 4500
005 - DATE AND TIME OF LATEST TRANSACTION
control field 20260415173414.0
008 - FIXED-LENGTH DATA ELEMENTS--GENERAL INFORMATION
fixed length control field 008 250505s9999 xx 000 0 eng d
020 ## - INTERNATIONAL STANDARD BOOK NUMBER
International Standard Book Number 978-1-032-52709-3
037 ## - SOURCE OF ACQUISITION
Stock number TextBook
040 ## - CATALOGING SOURCE
Original cataloging agency FEDL
Language of cataloging eng
Transcribing agency FEDL
041 ## - LANGUAGE CODE
Language code of text/sound track or separate title eng
Source of code eng
084 ## - COLON CLASSIFICATION NUMBER
Classification number 306.45 THO/R
Assigning agency FEDL
100 ## - MAIN ENTRY--PERSONAL NAME
Personal name Thomas Renny
9 (RLIN) 783676
245 #0 - TITLE STATEMENT
Title Science and religion in India: Beyond disenchantment
260 ## - PUBLICATION, DISTRIBUTION, ETC.
Place of publication, distribution, etc. London, UK
Name of publisher, distributor, etc. Routledge
Date of publication, distribution, etc. 2022
300 ## - PHYSICAL DESCRIPTION
Extent ix, 203p.
365 ## - TRADE PRICE
Price type code INR
Price amount 995
490 ## - SERIES STATEMENT
Series statement Routledge Science and Religion; series
942 ## - ADDED ENTRY ELEMENTS (KOHA)
Koha item type Textbook
Classification part 306.45 THO/R
Holdings
Withdrawn status Lost status Damaged status Not for loan Home library Current library Date acquired Cost, normal purchase price Total Checkouts Full call number Barcode Date last seen Price effective from Koha item type
        Department of Education Library Department of Education Library 2025-05-08 995.00   306.45 THO/R EL0094103 2025-05-08 2025-05-08 Textbook
Copyright @ Delhi University Library System